Mira dentro de un tipi = (Record no. 18929)
[ view plain ]
| 000 -LEADER | |
|---|---|
| fixed length control field | 01304cam a2200337 a 4500 |
| 001 - CONTROL NUMBER | |
| control field | sjds16602116 |
| 003 - CONTROL NUMBER IDENTIFIER | |
| control field | sjds |
| 005 - DATE AND TIME OF LATEST TRANSACTION | |
| control field | 20171014142206.0 |
| 008 - FIXED-LENGTH DATA ELEMENTS--GENERAL INFORMATION | |
| fixed length control field | 110106s2012 mnua 001 0 eng |
| 010 ## - LIBRARY OF CONGRESS CONTROL NUMBER | |
| LC control number | 2011000657 |
| 020 ## - INTERNATIONAL STANDARD BOOK NUMBER | |
| International Standard Book Number | 9781429669115 (hardcover) |
| 040 ## - CATALOGING SOURCE | |
| Original cataloging agency | DLC |
| Transcribing agency | DLC |
| Modifying agency | DLC |
| 041 1# - LANGUAGE CODE | |
| Language code of text/sound track or separate title | eng |
| -- | spa |
| Language code of original | eng |
| 042 ## - AUTHENTICATION CODE | |
| Authentication code | pcc |
| 043 ## - GEOGRAPHIC AREA CODE | |
| Geographic area code | n------ |
| 050 00 - LIBRARY OF CONGRESS CALL NUMBER | |
| Classification number | E98.D8 |
| Item number | S38 2012 |
| 082 00 - DEWEY DECIMAL CLASSIFICATION NUMBER | |
| Classification number | 690/.8/08997 |
| Edition number | 22 |
| 100 1# - MAIN ENTRY--PERSONAL NAME | |
| Personal name | Schuh, Mari C., |
| Dates associated with a name | 1975- |
| 240 10 - UNIFORM TITLE | |
| Uniform title | <a href="Look inside a tepee.">Look inside a tepee.</a> |
| Language of a work | Spanish & English |
| 245 10 - TITLE STATEMENT | |
| Title | Mira dentro de un tipi = |
| Remainder of title | Look inside a tepee / |
| Statement of responsibility, etc. | por Mari Schuh. |
| 246 31 - VARYING FORM OF TITLE | |
| Title proper/short title | Look inside a tepee |
| 260 ## - PUBLICATION, DISTRIBUTION, ETC. (IMPRINT) | |
| Place of publication, distribution, etc. | Mankato, Minn. : |
| Name of publisher, distributor, etc. | Capstone Press, |
| Date of publication, distribution, etc. | 2012. |
| 300 ## - PHYSICAL DESCRIPTION | |
| Extent | 24 p. : |
| Other physical details | col. ill. ; |
| Dimensions | 24 x29 cm. |
| 490 0# - SERIES STATEMENT | |
| Series statement | Pebble plus bilingüe/bilingual. Mira dentro/Look inside |
| 500 ## - GENERAL NOTE | |
| General note | Includes index. |
| 505 0# - FORMATTED CONTENTS NOTE | |
| Formatted contents note | What is a tepee? -- Building a tepee -- Inside a tepee -- Tepees today. |
| 520 ## - SUMMARY, ETC. | |
| Summary, etc. | "Simple text and photographs present tepees, their construction, and their interaction with the environment--in both English and Spanish"--Provided by publisher. |
| 650 #0 - SUBJECT ADDED ENTRY--TOPICAL TERM | |
| Topical term or geographic name as entry element | Tipis |
| Form subdivision | Juvenile literature. |
| 942 ## - ADDED ENTRY ELEMENTS (KOHA) | |
| Source of classification or shelving scheme | Dewey Decimal Classification |
| Koha item type | Libro/Book |
| Withdrawn status | Lost status | Damaged status | Not for loan | Home library | Current library | Date acquired | Inventory number | Total Checkouts | Barcode | Date last seen | Price effective from | Koha item type |
|---|---|---|---|---|---|---|---|---|---|---|---|---|
| Zaragoza -- Satellite | Zaragoza -- Satellite | 14/10/2017 | Inventory date: 7/7/25 | 35501600 | 14/10/2017 | 14/10/2017 | Libro/Book |